Instalaciones, maquinaria y equipos de la explotación ganadera / (Record no. 170301)
[ view plain ]
| 000 -CABECERA | |
|---|---|
| campo de control de longitud fija | 01123nam a2200337Ia 4500 |
| 001 - NÚMERO DE CONTROL | |
| campo de control | Z_7028 |
| 003 - IDENTIFICADOR DEL NÚMERO DE CONTROL | |
| campo de control | CHAP |
| 008 - DATOS DE LONGITUD FIJA--INFORMACIÓN GENERAL | |
| campo de control de longitud fija | 220113s9999 xx 000 0 und d |
| 010 ## - NÚMERO DE CONTROL DE LA BIBLIOTECA DEL CONGRESO | |
| Número de control de LC | 170301 |
| 020 ## - NÚMERO INTERNACIONAL ESTÁNDAR DEL LIBRO | |
| Número Internacional Estándar del Libro | 978-84-16433-97-1 |
| 040 ## - FUENTE DE LA CATALOGACIÓN | |
| Centro/agencia transcriptor | CHAP |
| 082 ## - NÚMERO DE LA CLASIFICACIÓN DECIMAL DEWEY | |
| Número de clasificación | C 636.40831 G66 |
| 100 ## - ENTRADA PRINCIPAL--NOMBRE DE PERSONA | |
| Nombre de persona | González Romero, Jaime |
| 9 (RLIN) | 146596 |
| 245 ## - MENCIÓN DE TÍTULO | |
| Título | Instalaciones, maquinaria y equipos de la explotación ganadera / |
| Mención de responsabilidad, etc. | Jaime González Romero |
| 246 ## - FORMA VARIANTE DE TÍTULO | |
| Título propio/Titulo breve | MF006_2 Instalaciones, maquinaria y equipos de la explotación ganadera |
| 260 ## - PUBLICACIÓN, DISTRIBUCIÓN, ETC. | |
| Lugar de publicación, distribución, etc. | Antequera, Malaga, España : |
| Nombre del editor, distribuidor, etc. | IC Editorial, |
| Fecha de publicación, distribución, etc. | |
| 300 ## - DESCRIPCIÓN FÍSICA | |
| Extensión | iii, 317 p. |
| 500 ## - NOTA GENERAL | |
| Nota general | En cubierta: Certificado de profesionalidad AGAP0108- Produccíon porcina de reproducción y cría |
| 503 ## - NOTA DE HISTORIA BIBLIOGRÁFICA (BK CF MU) [OBSOLETO] | |
| Nota de historia bibliográfica | ej.1: consumo \ ej.2: consumo |
| 504 ## - NOTA DE BIBLIOGRAFÍA, ETC. | |
| Nota de bibliografía, etc. | Bibliografía: p. 315 - 317 |
| 650 ## - PUNTO DE ACCESO ADICIONAL DE MATERIA--TÉRMINO DE MATERIA | |
| Término de materia o nombre geográfico como elemento de entrada | Alojamiento de cerdos |
| 9 (RLIN) | 144384 |
| 650 ## - PUNTO DE ACCESO ADICIONAL DE MATERIA--TÉRMINO DE MATERIA | |
| Término de materia o nombre geográfico como elemento de entrada | Cerdos |
| 9 (RLIN) | 21368 |
| 650 ## - PUNTO DE ACCESO ADICIONAL DE MATERIA--TÉRMINO DE MATERIA | |
| Término de materia o nombre geográfico como elemento de entrada | Equipamiento para cuidado de animales |
| 9 (RLIN) | 146597 |
| 650 ## - PUNTO DE ACCESO ADICIONAL DE MATERIA--TÉRMINO DE MATERIA | |
| Término de materia o nombre geográfico como elemento de entrada | Estructuras e instalaciones agrarias |
| 9 (RLIN) | 143224 |
| 901 ## - ELEMENTOS DE DATOS A LOCAL LDA (RLIN) | |
| a | C 636.40831 G66 |
| 902 ## - ELEMENTOS DE DATOS B LOCAL, LDB (RLIN) | |
| a | M |
| 910 ## - DATOS DE OPCIÓN DEL USUARIO (OCLC) | |
| Datos de opción del usuario | |
| 942 ## - ELEMENTOS DE PUNTO DE ACCESO ADICIONAL (KOHA) | |
| Tipo de ítem Koha | Libro_ |
| 942 ## - ELEMENTOS DE PUNTO DE ACCESO ADICIONAL (KOHA) | |
| Tipo de ítem Koha | |
| Estado de retiro | Estado de pérdida | Fuente del sistema de clasificación o colocación | Estado dañado | No para préstamo | Código de colección | Localización permanente | Ubicación/localización actual | Ubicación en estantería | Fecha de adquisición | Código de barras | Fecha visto por última vez | Número de copia | Precio válido a partir de | Tipo de ítem Koha | Restricciones de uso | Total de préstamos | Signatura topográfica completa | Fecha del último préstamo |
|---|---|---|---|---|---|---|---|---|---|---|---|---|---|---|---|---|---|---|
| Dewey Decimal Classification | General | Biblioteca Central | Biblioteca Central | Planta principal - Colección General | 13/04/2023 | 33724002573058 | 10/12/2024 | 13/04/2023 | Libro | Préstamo 15 días | 4 | 636.40831 G66 | 30/11/2024 | |||||
| Dewey Decimal Classification | General | Biblioteca Central | Biblioteca Central | Planta principal - Colección General | 13/04/2023 | 33724002573090 | 13/04/2023 | c.2 | 13/04/2023 | Libro | Préstamo 15 días | 636.40831 G66 | ||||||
| Dewey Decimal Classification | General | Zootecnia | Zootecnia | 09/10/2019 | z_7286 | 18/01/2022 | 1 | 18/01/2022 | Libro | |||||||||
| Dewey Decimal Classification | General | Zootecnia | Zootecnia | 09/10/2019 | z_7287 | 18/01/2022 | 2 | 18/01/2022 | Libro |
